000 00557nam a2200169Ia 4500
008 140609s9999 xx 000 0 und d
020 _a9781849205733
050 _aHM 621
_b.D297 2013
100 _aDavies, Rosamund.
245 _aIntroducing the creative industries :
_bfrom theory to practice /
_cRosamund Davies and Gauti Sigthorsson
260 _aLondon :
_bSAGE,
_cc2013.
300 _a269 p. :
_bill. ;
_c24 cm.
500 _aIncludes glossary, bibliographical references and index.
521 _aBSBA
942 _kFOR
_cBK
999 _c118050
_d118050